| 000 | 00598nam a2200181 4500 | ||
|---|---|---|---|
| 001 | 18625 | ||
| 005 | 20230410115903.0 | ||
| 008 | 060907n2000 dr spa | ||
| 020 | _a9706282971 | ||
| 035 | _9funglode18774 | ||
| 041 | _aES | ||
| 050 | 1 | 4 | _aHQ 1210 C386p 2000 |
| 100 | _aCazés, Daniel | ||
| 245 | 1 | 3 |
_aLa perspectiva de género : _bguía para diseñar, poner en marcha, dar seguimiento y evaluar proyectos de investigación y acciones públicas civiles / _cDaniel Cazés |
| 260 |
_aMéxico : _bConsejo Nacional de Población, _c2000 |
||
| 300 | _a205 p. | ||
| 942 |
_2lcc _cbk |
||
| 999 |
_c49888 _d49888 |
||